000 01161cam a2200337 i 4500
001 70001
003 Mx-PuUPA
005 20260131130318.0
008 140415s2015 sp gr 000 f spa d
017 _aB-2.521-2015
020 _a9788492916863
040 _aMX-PuUPA
_bspa
_erda
_cMx-PuUPA
_dMx-PuUPA
041 1 _aspa
_heng
100 1 _aReid, Taylor Jenkins,
_d1983-
_eautor
_917772
240 1 0 _aForever, interrupted.
_lEspañol
245 1 0 _aPor siempre unidos /
_cTaylor Jenkins Reid ; traducción, Encarna Quijada Vargas
250 _a1a edición /
_bmarzo
264 1 _aBarcelona :
_bEdiciones Urano,
_c©2015
300 _a284 páginas ;
_c23 cm
336 _atexto
_2rdacontent
_btxt
336 _aimagen fija
_2rdacontent
_bsti
337 _asin medio
_2rdamedia
_bn
337 _ainformático
_2rdamedia
_bc
650 7 _aDuelo
_2armarc
_vNovela
700 1 _aIwasa, Janet,
_eautor
700 1 _aQuijada Vargas, Encarna
_etraductor
765 0 _aReid, Taylor Jenkins, 1983-
_tForever, interrupted.
_dNew York : Simon & Schuster, ©2013
942 _h813.6
_iR3418
_cLI
_2ddc
999 _c70001
_d70001